000 00286nam a22001337a 4500
008 181011b xxu||||| |||| 00| 0 eng d
020 _a9780877795247
041 _aeng
080 _a038
100 _a23
101 _aFJA
245 _aPocket Thesaurus
_cWebster, M
942 _2udc
_cBK
999 _c49428
_d49428